000 00307nam a22001217a 4500
008 160520b xxu||||| |||| 00| 0 eng d
020 _a9780324416121
020 _a0324416121
041 _aeng
080 _a316.77
245 _aCommunications I and II;
_cCarol M. Lehman;Debbie D. DuFrene;
942 _2udc
_cBK
999 _c2299
_d2299